000 00600nam a2200193Ia 4500
005 20250508151912.0
008 008 250505s9999 xx 000 0 eng d
037 _aTextual
040 _aFEDL
_beng
_cFEDL
041 _aeng
_2eng
084 _a300.7, COM
_qFEDL
245 0 _aConclusions and recommendations of the commission
245 0 _cReport of the Commission on the Social Studies
260 _aNew York, USA
_bCharles Scribner's Sons
_c1934
300 _axi,168p.
650 _aSocial Science - Teaching
_9756799
942 _cTEXL
_h300.7, COM
999 _c1332838
_d1332838